Types of Dances - Statistics

General Stats
  • This quiz has been taken 10,236 times
    10,226 since last reset
  • The average score is 10 of 20
Answer Stats
Clue Dance % Correct
Michael Jackson's backwards dance Moonwalk
92%
Pirouettes and pliés Ballet
90%
Rose between the teeth Tango
74%
Put your left foot in and shake it all about Hokey Pokey
69%
"Saturday Night Fever" Disco
67%
Gliding dance popularized in 18th century Vienna Waltz
65%
Trendy Colombian dance fitness Zumba
65%
Dance to a Village People song YMCA
57%
Geometrical American folk dance Square Dance
54%
Lively Irish folk dance (three letters) Jig
52%
"Happy Feet" penguin's dance Tap
49%
Inspired by a Chubby Checker hit The Twist
47%
Cuban carnival dance in a line Conga
40%
Goofy hand dance enormously popular in 1995 Macarena
37%
It's electric...boogie woogie woogie The Electric Slide
28%
Swing dance possibly named for Charles Lindbergh Lindy Hop
25%
Italian dance named after a type of wolf spider Tarantella
20%
Subject of Toulouse-Lautrec paintings Cancan
18%
The "forbidden dance" Lambada
16%
Jewish circle folk dance Hora
11%
No matching quizzes found
Score Distribution
Percent of People with Each Score
Percentile by Number Answered
Your Score History
You have not taken this quiz since the last reset